000 00790nam a22002537a 4500
003 BPGM
005 20260630215704.0
008 260630b1997 mx a|||| |||| 001 0 spa d
020 _a968-7377-34-8
040 _aBPGM
_bspa
041 _aspa
_hspa
082 0 4 _aCQ / 972.4573 / P56
100 _aPIÑA SILVA, ALEJANDRO
245 _aMUNICIPIO DE PEDRO ESCOBEDO
260 _aSANTIAGO DE QUERETARO, QRO;
_bGOBIERNO DEL ESTADO DE QUERETARO,
_c1997.
300 _a80 paginas;
_c21.2 cm x 14.5 cm.
336 _2rdacontent
_atexto
_btxt
337 _2rdamedia
_asin mediación
_bn
338 _2rdacarrier
_avolumen
_bnc
650 _aGEOGRAFÍA E HISTORIA
650 _aHISTORIA GENERAL DE AMÉRICA DEL NORTE
650 _aMESOAMÉRICA (AMÉRICA MEDIA) MÉXICO
942 _2ddc
_cCOLQ
999 _c68728
_d68728